000 00651nam a2200265Ia 4500
005 20260306163517.0
008 008 260114s9999 xx 000 0 eng d
020 _a9789888842568
037 _aEBOOK
040 _aCRL
040 _beng
040 _cCRL
041 _2eng
041 _aeng
084 _qCRL
100 _aWishart
_91128777
245 0 _aJournalism Ethics: 21 Essentials From Wars To Artificial Intelligence
260 _bHong Kong University Press
260 _c2024
650 _aSocial Work
856 _uhttps://academic.oup.com/book/58235
942 _cEBOOK
999 _c1710394
_d1710394